00534cam a2200205 a 4500001000800000005001700008008004100025010001700066020001500083035002000098040002000118041000800138042001400146080001000160082001000170100000700180101000800187245006900195504006400264487225920180221042129.0940309s1993 txu b 001 0 eng d a 92073482  a0030768470 a(OCoLC)28050202 aCU-IcCU-IdDLC aeng alccopycat a37 AU a37 AU1 a47 aEDU10aLiteracy instruction in multicultural settings /cKathryn H. Au. aIncludes bibliographical references (p. 191-199) and index.